| 000 | 00635nam a22001817a 4500 | ||
|---|---|---|---|
| 003 | BUBTL | ||
| 008 | 180125b xxu||||| |||| 00| 0 eng d | ||
| 020 | _a984-18-0380-1 | ||
| 082 | _a891.441DAR | ||
| 100 |
_91781 _aদাশ,জীবানানন্দ |
||
| 245 |
_aরূপসী বাংলা _cজীবানানন্দ দাশ |
||
| 260 |
_aঢাকা : _b বিশ্বসাহিত্য কেন্দ্র, _cc২০১৩ |
||
| 300 |
_a45 p. : _c22 cm. |
||
| 650 | 0 |
_91687 _aবাংলা সাহিত্য |
|
| 856 |
_k0 _l0 _yDownload |
||
| 942 |
_2ddc _cBK |
||
| 999 |
_c5670 _d5670 |
||